000 00616cam a2200217 4500500
005 20260329004755.0
041 _afre
042 _adc
100 1 0 _aLa rédaction
_eauthor
245 0 0 _aEt si on pensait mieux à chaud ?
260 _c2021.
500 _a77
690 _aÉvénement
690 _aHistoire
690 _aLiberté
690 _aObjectivité
690 _aPandémie
690 _aPrésent
786 0 _nPhilosophie magazine | 148 | 4 | 2021-04-01 | p. 3-6 | 1951-1787
856 4 1 _uhttps://shs.cairn.info/magazine-philosophie-magazine-2021-4-page-3?lang=fr&redirect-ssocas=7080
999 _c1837158
_d1837158